000 00409nam a22001217a 4500
999 _c13795
_d13795
020 _a9781032210407
082 _a658.8
100 _aCatherine Xiaocui Lou, Sardar M. N. Islam and Nicholas Billington
245 _aSupply Chain Management and Corporate Governance: Artificial Intelligence, Game Theory and Robust Optimisation
260 _aNew York
_bRoutledge
_c2023
300 _axvii, 267 pages
942 _cBK